[Event "Venice Autumn op-B 10th"]
[Site "Venice"]
[Date "2004.11.01"]
[Round "4"]
[White "Zambon, Roberto"]
[Black "Cecchetto, Vanni"]
[Result "0-1"]
[WhiteElo "1799"]
[BlackElo "1989"]
[PlyCount "96"]
[EventDate "2004.10.30"]
[EventType "swiss"]
[EventRounds "5"]
[EventCountry "ITA"]
[SourceTitle "EXT 2009"]
[Source "ChessBase"]
[SourceDate "2008.11.26"]
[SourceVersion "1"]
[SourceVersionDate "2008.11.26"]
[SourceQuality "1"]

1. d4 c5 2. d5 Nf6 3. c4 d6 4. Nc3 g6 5. e4 Bg7 6. Nf3 0-0 7. Be2 e6 8. 0-0 exd5 9. cxd5 Bg4 10. Bf4 a6 11. a4 Ne8 12. h3 Bxf3 13. Bxf3 Nd7 14. Qc2 Ne5 15. Be2 g5 16. Be3 Ng6 17. Bd3 Kh8 18. Ne2 Qf6 19. Rab1 Nf4 20. Ng3 Rg8 21. Bd2 Rc8 22. Bc3 Qg6 23. Nf5 Rc7 24. b3 Be5 25. Bxe5+ dxe5 26. Be2 Nd6 27. Nxd6 Qxd6 28. Rbc1 h5 29. f3 Qh6 30. Rcd1 b5 31. axb5 axb5 32. Rc1 c4 33. bxc4 bxc4 34. Rfe1 Qb6+ 35. Kf1 Rgc8 36. Qc3 f6 37. Rb1 Qd4 38. Rec1 Kg7 39. Rb4 Nxe2 40. Kxe2 Kg6 41. g4 hxg4 42. hxg4 Qc5 43. Rbb1 Rh7 44. Rh1 Rch8 45. Rxh7 Rxh7 46. Rf1 Rh2+ 47. Ke1 Qb6 48. Kd1 Qb1+ 0-1

[Event "Venice Autumn op-B 10th"]
[Site "Venice"]
[Date "2004.10.31"]
[Round "2"]
[White "Velluti, Alberto"]
[Black "Zambon, Roberto"]
[Result "1/2-1/2"]
[WhiteElo "1829"]
[BlackElo "1799"]
[PlyCount "71"]
[EventDate "2004.10.30"]
[EventType "swiss"]
[EventRounds "5"]
[EventCountry "ITA"]
[SourceTitle "EXT 2009"]
[Source "ChessBase"]
[SourceDate "2008.11.26"]
[SourceVersion "1"]
[SourceVersionDate "2008.11.26"]
[SourceQuality "1"]

1. e4 c5 2. Nf3 d6 3. d4 cxd4 4. Nxd4 Nf6 5. Nc3 a6 6. Bc4 e6 7. Bb3 Be7 8. 0-0 0-0 9. f4 Nc6 10. Nf3 b5 11. Qe1 Bb7 12. f5 d5 13. fxe6 fxe6 14. exd5 exd5 15. Qe6+ Kh8 16. Nxd5 Bc5+ 17. Kh1 Na5 18. Nf4 Nxb3 19. Qxb3 Bc8 20. Ng5 Qe7 21. Bd2 Ng4 22. Qf3 Ra7 23. Rae1 Qf6 24. Ne4 Nxh2 25. Qh5 Nxf1 26. Rxf1 Qf5 27. Qxf5 Rxf5 28. Nxc5 g5 29. Bc3+ Kg8 30. Rd1 Rc7 31. Rd8+ Kf7 32. Ne4 Rxf4 33. Nd6+ Ke7 34. Rxc8 Kxd6 35. Be5+ Kxe5 36. Rxc7 1/2-1/2

[Event "Venice Autumn op-B 10th"]
[Site "Venice"]
[Date "2004.10.31"]
[Round "3"]
[White "Zambon, Roberto"]
[Black "Bettera, Roberto"]
[Result "1-0"]
[WhiteElo "1799"]
[BlackElo "1883"]
[PlyCount "138"]
[EventDate "2004.10.30"]
[EventType "swiss"]
[EventRounds "5"]
[EventCountry "ITA"]
[SourceTitle "EXT 2009"]
[Source "ChessBase"]
[SourceDate "2008.11.26"]
[SourceVersion "1"]
[SourceVersionDate "2008.11.26"]
[SourceQuality "1"]

1. d4 Nf6 2. c4 c5 3. d5 e6 4. Nc3 exd5 5. cxd5 d6 6. e4 g6 7. Nf3 Bg7 8. Be2 0-0 9. 0-0 Re8 10. Qc2 Na6 11. a3 Nc7 12. Bf4 b5 13. Nd2 b4 14. Nb5 Nxb5 15. Bxb5 Bd7 16. Bd3 Qe7 17. Rfe1 Nh5 18. Be3 Reb8 19. Rab1 a5 20. Nf3 Bb5 21. Bxb5 Rxb5 22. Qc4 Qb7 23. a4 Rb6 24. b3 Qd7 25. Qd3 Rbb8 26. Nd2 Nf6 27. Nc4 h6 28. Bf4 Bf8 29. Qf3 Nh5 30. Bc1 Kh7 31. g4 Ng7 32. Bf4 Rb7 33. Rbd1 h5 34. h3 Ra6 35. Bc1 Qd8 36. g5 Kg8 37. h4 Re7 38. Bb2 Re8 39. Bf6 Qd7 40. Qg3 Be7 41. f3 Rf8 42. Bb2 Qd8 43. Ne3 f6 44. f4 Ra8 45. Nc4 fxg5 46. fxg5 Ra7 47. Rf1 Qd7 48. Bf6 Qd8 49. Bxe7 Qxe7 50. Nxd6 Rd7 51. e5 Rxf1+ 52. Rxf1 Nf5 53. Nxf5 gxf5 54. d6 Qe6 55. Qe3 c4 56. bxc4 Qxc4 57. Rf4 Qe6 58. Qd4 Kg7 59. Rf2 Rf7 60. Qc5 f4 61. Qd4 f3 62. Qe4 Qh3 63. e6 Qg3+ 64. Kf1 Rf4 65. Qe5+ Kg6 66. Ke1 Qg1+ 67. Rf1 f2+ 68. Ke2 Qg3 69. e7 Rc4 1-0

[Event "Treviso op-B 27th"]
[Site "Treviso"]
[Date "2003.12.08"]
[Round "4.3"]
[White "Zambon, Roberto"]
[Black "De Gregoris, Piero"]
[Result "1-0"]
[WhiteElo "1618"]
[BlackElo "1500"]
[PlyCount "57"]
[EventDate "2003.12.06"]
[EventType "swiss"]
[EventRounds "5"]
[EventCountry "ITA"]
[SourceTitle "EXT 2024"]
[Source "ChessBase"]
[SourceDate "2023.10.10"]
[SourceVersion "1"]
[SourceVersionDate "2023.10.10"]
[SourceQuality "1"]

1. d4 Nf6 2. Nf3 e6 3. g3 b6 4. Bg2 Bb7 5. 0-0 d5 6. c4 Nbd7 7. cxd5 Nxd5 8. Nc3 c5 9. Nxd5 Bxd5 10. Qa4 Qc7 11. dxc5 Bxc5 12. Bf4 Qc6 13. Qd1 Qb7 14. Rc1 Rc8 15. Qd3 Be4 16. Nh4 Bxg2 17. Nxg2 0-0 18. Rfd1 Rfd8 19. Bg5 Nf6 20. Qxd8+ Rxd8 21. Rxd8+ Bf8 22. Rcc8 Nd7 23. Be7 g6 24. Bxf8 Nxf8 25. Rxf8+ Kg7 26. Ne3 Qd7 27. Rfd8 Qb7 28. Ng4 a5 29. Rg8# 1-0

[Event "Treviso op-B 27th"]
[Site "Treviso"]
[Date "2003.12.06"]
[Round "1.7"]
[White "Zambon, Roberto"]
[Black "Gardin, Michel"]
[Result "1/2-1/2"]
[WhiteElo "1618"]
[BlackElo "1600"]
[PlyCount "81"]
[EventDate "2003.12.06"]
[EventType "swiss"]
[EventRounds "5"]
[EventCountry "ITA"]
[SourceTitle "EXT 2024"]
[Source "ChessBase"]
[SourceDate "2023.10.10"]
[SourceVersion "1"]
[SourceVersionDate "2023.10.10"]
[SourceQuality "1"]

1. d4 Nf6 2. Nf3 e6 3. g3 b6 4. Bg2 Bb7 5. 0-0 Qc8 6. c4 c5 7. Nc3 d5 8. cxd5 Nxd5 9. Nxd5 Bxd5 10. Bf4 Nd7 11. Rc1 Qa6 12. a3 c4 13. Re1 Be7 14. e4 Bb7 15. d5 b5 16. dxe6 fxe6 17. Ne5 Nxe5 18. Bxe5 0-0 19. Qg4 Bf6 20. Bxf6 Rxf6 21. e5 Rg6 22. Bxb7 Qxb7 23. Qd4 Rf8 24. Rcd1 h5 25. Qe4 Qf7 26. Qe3 h4 27. Rd6 h3 28. Ra6 Qb7 29. Qe4 Qxa6 30. Qxg6 Qc6 31. Qe4 Qxe4 32. Rxe4 Rd8 33. Kf1 Rd2 34. Re2 Rd3 35. Ke1 Kf7 36. Rd2 Kg6 37. Rxd3 cxd3 38. Kd2 Kf5 39. Kxd3 Kxe5 40. f4+ Kf5 41. Ke3 1/2-1/2

[Event "Padova op-A 5th"]
[Site "Padova"]
[Date "2002.12.22"]
[Round "6.41"]
[White "Franz, Paolo"]
[Black "Zambon, Roberto"]
[Result "1/2-1/2"]
[WhiteElo "1395"]
[BlackElo "1510"]
[PlyCount "38"]
[EventDate "2002.12.14"]
[EventType "swiss"]
[EventRounds "6"]
[EventCountry "ITA"]
[SourceTitle "EXT 2023"]
[Source "ChessBase"]
[SourceDate "2022.10.05"]
[SourceVersion "1"]
[SourceVersionDate "2022.10.05"]
[SourceQuality "1"]

1. e4 c5 2. Nf3 d6 3. Nc3 Nc6 4. Bb5 e6 5. 0-0 Nf6 6. e5 Nd5 7. Nxd5 exd5 8. d4 a6 9. Bxc6+ bxc6 10. Bg5 Be7 11. Bxe7 Qxe7 12. exd6 Qxd6 13. Re1+ Be6 14. Ng5 0-0 15. Qd3 g6 16. Nxe6 fxe6 17. Re2 cxd4 18. Qxd4 c5 19. Qe5 Qxe5 1/2-1/2

[Event "Padova op-A 5th"]
[Site "Padova"]
[Date "2002.12.21"]
[Round "4.38"]
[White "Bellemo, Davide"]
[Black "Zambon, Roberto"]
[Result "1-0"]
[WhiteElo "1600"]
[BlackElo "1510"]
[PlyCount "52"]
[EventDate "2002.12.14"]
[EventType "swiss"]
[EventRounds "6"]
[EventCountry "ITA"]
[SourceTitle "EXT 2023"]
[Source "ChessBase"]
[SourceDate "2022.10.05"]
[SourceVersion "1"]
[SourceVersionDate "2022.10.05"]
[SourceQuality "1"]

1. c4 c5 2. g3 Nf6 3. Bg2 g6 4. Nf3 Bg7 5. 0-0 0-0 6. Nc3 d6 7. b3 Nc6 8. Bb2 Rb8 9. Rb1 a6 10. e3 Bf5 11. d3 Qc7 12. h3 b5 13. e4 Bd7 14. Nd5 Nxd5 15. exd5 Nb4 16. Bxg7 Kxg7 17. a3 Nxd5 18. cxd5 Kg8 19. Re1 Bc8 20. Rc1 Bb7 21. Nd4 Qd7 22. Ne2 Qf5 23. Nc3 b4 24. g4 Qd7 25. Na2 a5 26. a4 Rbc8 1-0